|
|
|
|
| LEADER |
02544nam a2200505 a 4500 |
| 001 |
mzk03001196893 |
| 003 |
CZ BrMZK |
| 005 |
20140218102650.0 |
| 007 |
ta |
| 008 |
140218s1653 au f fr|||||00| ||lat|d |
| 040 |
|
|
|a BOA001
|b cze
|
| 072 |
|
7 |
|a 27
|x Křesťanství. Křesťanská církev všeobecně. Eklesiologie
|2 Konspekt
|9 5
|
| 072 |
|
7 |
|a 094
|x Staré tisky
|2 Konspekt
|9 12
|
| 080 |
|
|
|a 272-528
|2 MRF
|
| 080 |
|
|
|a 27-46
|2 MRF
|
| 080 |
|
|
|a 27-528-1
|2 MRF
|
| 080 |
|
|
|a 025.171
|2 MRF
|
| 080 |
|
|
|a (0.068)094
|2 MRF
|
| 100 |
1 |
|
|a Hauck, Ferdinand,
|d činný 1653-1678
|7 mzk2009528589
|4 aut
|
| 245 |
1 |
0 |
|a EPONIMIA Hodierno PAROCHORVM usui seruiens QVAM Selectis SS. Canonum, Decretorum, Concilij Tridentini, Bullarij Pontificij Decisionum SS. Congregationum Romanarum, nec non Optimorum quorumcunq; Authorum disseminatam flosculis, curiose obeundam ac utiliter delibandam minoq; de nouo editam integriis conectem et uberius redditam /
|c PROPONIT D. FERDINANDVS HAVCK Amorbacensis Orientalis Franc. Clericus Regularis S. PAVLI Barnabita
|
| 260 |
|
|
|a Excudebat VIENNAE AVSTRIAE :
|b Imperialis Residentiae Matthae Cosmerouius S.C.Mtis. Aulae Typographus,
|c 1653
|
| 300 |
|
|
|a [34], 588, [30] s., [1] příl. ;
|c 12°
|
| 500 |
|
|
|a Výzdoba: Mědirytinová titulní strana tištěna v architektonické borduře, iniciály, vlysy, viněty, mědirytinová příloha (Schema sevArbor Consangvi)
|
| 561 |
|
|
|a Provenience: [m.p.] Ao. 165.
|
| 561 |
|
|
|a Provenience: [m.p.] Mnrij Reyhradens. SS. Petri et Paul.
|
| 561 |
|
|
|a Provenience: [razítko] Bibliotheca Mon. Raigrad. O.S.B
|
| 563 |
|
|
|a Pergamenová vazba s rámcem, dřevěné desky, mosazné spony
|
| 650 |
|
7 |
|a katolická liturgie
|x reformy
|2 czenas
|
| 650 |
|
7 |
|a pastorální teologie
|7 ph123991
|2 czenas
|
| 650 |
|
7 |
|a liturgika
|7 ph122422
|2 czenas
|
| 650 |
|
7 |
|a historické knihovní fondy
|7 ph172933
|2 czenas
|
| 655 |
|
7 |
|a staré tisky
|7 fd422076
|2 czenas
|
| 610 |
2 |
7 |
|a Katolická církev.
|b Tridentský koncil
|d (1545-1563)
|7 kn20020418032
|2 czenas
|
| 700 |
1 |
|
|a Harrach, Arnošt Vojtěch,
|d 1598-1667
|7 jn20010525253
|4 dte
|
| 856 |
4 |
1 |
|u https://imageserver.mzk.cz/mzk03/001/196/893/328100212103.titul.jp2
|y Titulní list
|
| 903 |
|
|
|a RP
|
| 910 |
|
|
|e BOE950
|c R - K. I. f. 31
|
| 978 |
|
|
|b Cosmerovius, Matthäus
|a Wien
|c 1653
|
| 982 |
0 |
|
|a Rajhrad - benediktinský klášter
|
| 984 |
|
|
|a Vídeň
|b Rakousko
|
| 985 |
|
|
|a 1651-1700
|
| 990 |
|
|
|a BK
|
| 996 |
|
|
|e BOE950
|c R - K. I. f. 31
|
| 980 |
|
|
|c 212103
|g R - K. I. f. 31
|1 328100212103
|p N. 1706 ; K. II. a. 57
|
| 991 |
|
|
|k rajhrad
|